000 00693nam a22002057a 4500
999 _c19522
_d19522
003 AR-CdUCM
008 190415b ||||| |||| 00| 0 spa d
040 _aMUNICIPALIDAD PROVINCIAL DEL CUSCO
_cBIBLIOTECA MUNICIPAL DEL CUSCO
082 _a346.985 /
_bP19
_22ed.
100 _aPalacio Pimentel, H. Gustavo
_921202
245 _aElementos de derecho civil peruano /
260 _aLima :
_c1970.
300 _a398 páginas ;
_c22 cm.
505 _aContenido: t.1. Introducción -- Personas -- Actos jurídicos -- Derechos reales y obligaciones.
650 _aDerecho civil
_97386
650 _aLegislación
_92962
650 _aPerú
_935
942 _2ddc
_cLIBROS
945 _aacv
_d2019-05-17